Statistics for Most Photographed Cities

Click here to take the quiz!

General Stats

  • This quiz has been taken 51 times
  • The average score is 4 of 6

Answer Stats

RankAnswer% Correct
#2London
100%
#3Paris
100%
#1New York City
98%
#5Singapore
33%
#4Dubai
23%
#6Seattle
12%

Score Distribution

Percentile by Number Answered

Percent of People with Each Score

Your Score History

You have not taken this quiz